| 000 | 00716nam a2200253Ia 4500 | ||
|---|---|---|---|
| 003 | GCL | ||
| 008 | 140319s9999 xx 000 0 ara d | ||
| 040 |
_aGCL / _cGCL |
||
| 082 | 0 | 4 |
_aط _b794.1 _bب ت |
| 100 | 1 | _aبكلز جين | |
| 245 | 1 | 0 |
_aتعليم الشطرنج / _cبكلز جين |
| 700 | 1 | _aاحمد اديب كلاس | |
| 260 |
_a[S.N] : _bمكتبة لبنان |
||
| 300 | _a53 ص | ||
| 490 |
_aسلسلة الهوايات _v0 |
||
| 650 | 0 | 4 | _aالتربية |
| 650 | 0 | 4 | _aالاطفال |
| 650 | 0 | 4 | _aالرياضيات |
| 650 | 0 | 4 | _aالالعاب |
| 650 | 0 | 4 | _aالشطرنج |
| 650 | 0 | 4 | _aالالعاب الرياضية |
| 650 | 0 | 4 | _aالرياضة الذهنية |
| 942 |
_2ddc _cBK |
||
| 999 |
_c32773 _d32773 |
||